[Event "AUTO-OPEN-2637"]
[Site "http://www.queenalice.com/game.php?id=1040650"]
[Date "2012.3.19"]
[Round "1"]
[White "ffceccon"]
[Black "Giant"]
[Result "0-1"]
[WhiteElo "1600"]
[BlackElo "2313"]

1. e4 e5 2. Bc4 Nf6 3. d3 Be7 4. Nf3 Nc6 5. Ng5 O-O 6. f4 d6 7. O-O Bg4 8. Nf3
exf4 9. Bxf4 Ne5 10. Bb3 a5 11. Bxe5 dxe5 12. h3 Bc5+ 13. Kh1 a4 14. Bc4 c6 15.
hxg4 Nxg4 16. Nc3 Qf6 17. Nh2 Nf2+ 18. Rxf2 Bxf2 19. Ng4 Qh4+ 20. Nh2 b5 21.
Bxb5 cxb5 0-1

[Event "AUTO-OPEN-2637"]
[Site "http://www.queenalice.com/game.php?id=1040677"]
[Date "2012.3.19"]
[Round "1"]
[White "ffceccon"]
[Black "carloswecker"]
[Result "1/2-1/2"]
[WhiteElo "1823"]
[BlackElo "2031"]

1. e4 c5 2. Bc4 e6 3. Nc3 d6 4. Nf3 Nf6 5. d3 Nc6 6. Bg5 Be7 7. O-O O-O 8. a3 a6
9. h3 b5 10. Ba2 b4 11. axb4 cxb4 12. Ne2 Bb7 13. Nh2 Qb6 14. Ng4 Nxg4 15. Bxe7
Nxf2 16. Rxf2 Nxe7 17. Ng3 d5 18. exd5 Nxd5 19. Bxd5 Bxd5 20. Qe2 Rac8 21. Kh2
Rc7 22. Raf1 a5 23. Nh5 Rb7 24. Qg4 f5 25. Qg5 Qc7+ 26. Kg1 Qe7 27. Qe3 Rc7 28.
Nf4 Qc5 29. Qe5 a4 30. d4 Qc6 31. Nxd5 exd5 32. Rxf5 Rcc8 33. Rg5 Rxf1+ 34. Kxf1
Rf8+ 35. Kg1 g6 36. Qxd5+ Qxd5 37. Rxd5 Ra8 38. Rb5 a3 39. bxa3 bxa3 40. Rb1 Rc8
41. Rc1 a2 42. c4 Rxc4 43. Ra1 Rc2 44. d5 Rb2 45. Kh2 Kf7 46. Kg3 Ke7 47. Kf4
Kd6 48. g4 Kxd5 49. Kg5 h5 50. Kxg6 hxg4 51. hxg4 Kc4 52. Kf6 Kb3 53. g5 Rb1 54.
Rxa2 Kxa2 55. g6 Rf1+ 56. Kg7 Kb3 57. Kh8 Kc4 58. g7 Rh1+ 59. Kg8 Kd5 60. Kf8
Rf1+ 61. Ke7 Rg1 62. Kf7 Rxg7+ 63. Kxg7 Ke6 64. Kg6 Ke5 1/2-1/2

[Event "AUTO-OPEN-2637"]
[Site "http://www.queenalice.com/game.php?id=1040678"]
[Date "2012.3.19"]
[Round "1"]
[White "carloswecker"]
[Black "ffceccon"]
[Result "1-0"]
[WhiteElo "1881"]
[BlackElo "1783"]

1. d4 d6 2. c4 Bf5 3. Nc3 Nf6 4. f3 e5 5. e4 Bg6 6. Be3 Nc6 7. d5 Ne7 8. Bd3 c6
9. Nge2 cxd5 10. cxd5 h6 11. O-O Bh7 12. Rc1 Ng6 13. Bb5+ Nd7 14. Qa4 a6 15.
Bxd7+ Qxd7 16. Qxd7+ Kxd7 17. Na4 Ke7 18. Rc7+ Kf6 19. Nb6 Re8 20. Nd7+ Ke7 21.
Nxe5+ Kf6 22. Ng4# 1-0

[Event "AUTO-OPEN-2637"]
[Site "http://www.queenalice.com/game.php?id=1040679"]
[Date "2012.3.19"]
[Round "1"]
[White "ffceccon"]
[Black "Extremumfelicitatum"]
[Result "1-0"]
[WhiteElo "1758"]
[BlackElo "1967"]

1. e4 e5 2. Bc4 Nc6 3. Nf3 Nf6 4. Ng5 Bc5 5. Nxf7 Bxf2+ 6. Kxf2 Nxe4+ 7. Ke3 Qe7
8. Nxh8 d5 9. Bxd5 Qg5+ 10. Kxe4 Qf4+ 11. Kd3 Bg4 12. Qg1 O-O-O 13. c4 1-0

[Event "AUTO-OPEN-2637"]
[Site "http://www.queenalice.com/game.php?id=1040680"]
[Date "2012.3.19"]
[Round "1"]
[White "Extremumfelicitatum"]
[Black "ffceccon"]
[Result "1-0"]
[WhiteElo "2037"]
[BlackElo "1831"]

1. e4 e5 2. Nf3 d6 3. d4 exd4 4. Qxd4 Nf6 5. Nc3 Nc6 6. Bb5 Bd7 7. Bxc6 Bxc6 8.
Bf4 Be7 9. O-O-O h6 10. h3 Qd7 11. g4 Qe6 12. Rhe1 Nh7 13. Qxg7 O-O-O 14. Qd4
Kb8 15. Be3 b6 16. Nd5 Bxd5 17. exd5 Qg6 18. Rd3 Bg5 19. Ra3 Rhe8 20. Qa4 a5 21.
Qb5 Bxe3+ 22. Rexe3 Rxe3 23. Rxe3 Nf6 24. Nd4 Ne4 25. Qa6 c5 26. Qxb6+ Kc8 27.
Nc6 Qf6 28. Rxe4 Rg8 29. Qb8+ Kd7 30. Qb7# 1-0

[Event "AUTO-ADV-2472"]
[Site "http://www.queenalice.com/game.php?id=1049339"]
[Date "2012.4.16"]
[Round "1"]
[White "shmurtz91"]
[Black "ffceccon"]
[Result "1-0"]
[WhiteElo "1927"]
[BlackElo "1680"]

1. d4 d5 2. Nc3 e6 3. Bf4 a6 4. e4 dxe4 5. Nxe4 Nc6 6. Nf3 Bd6 7. Be5 Bxe5 8.
dxe5 Bd7 9. Bd3 Nge7 10. Neg5 Ng6 11. Bxg6 hxg6 12. c3 Na5 13. b4 Nc4 14. Qd4
1-0

[Event "AUTO-ADV-2472"]
[Site "http://www.queenalice.com/game.php?id=1049340"]
[Date "2012.4.16"]
[Round "1"]
[White "ffceccon"]
[Black "shmurtz91"]
[Result "0-1"]
[WhiteElo "1674"]
[BlackElo "1933"]

1. e4 e5 2. Bc4 Nf6 3. d3 Bc5 4. h3 d5 5. exd5 Nxd5 6. Bxd5 Qxd5 7. Nf3 O-O 8.
O-O Nc6 9. Nc3 Qe6 10. Re1 f6 11. Ne4 Bb6 12. Be3 Nb4 13. Bxb6 Qxb6 14. a3 Nd5
15. Nc3 Nf4 16. b4 Bf5 0-1

[Event "AUTO-ADV-2472"]
[Site "http://www.queenalice.com/game.php?id=1049353"]
[Date "2012.4.16"]
[Round "1"]
[White "Rouletabosse"]
[Black "ffceccon"]
[Result "1-0"]
[WhiteElo "1746"]
[BlackElo "1655"]

1. Nf3 d6 2. d4 Bf5 3. c4 Bxb1 4. Rxb1 Nc6 5. a3 Nf6 6. e3 e5 7. dxe5 dxe5 8.
Qxd8+ Rxd8 9. Be2 Bc5 10. b4 Be7 11. O-O e4 12. Nd2 Ne5 13. Rd1 O-O 14. Bb2 h6
15. Bxe5 Nh7 16. Nxe4 f6 17. Bxc7 Rc8 18. Bd6 Bxd6 19. Rxd6 Rfe8 20. Rbd1 Rxe4
21. c5 Nf8 22. Bf3 Rc4 23. Bd5+ Kh8 24. Bxc4 1-0

[Event "AUTO-ADV-2472"]
[Site "http://www.queenalice.com/game.php?id=1049354"]
[Date "2012.4.16"]
[Round "1"]
[White "ffceccon"]
[Black "Rouletabosse"]
[Result "0-1"]
[WhiteElo "1668"]
[BlackElo "1733"]

1. e4 e6 2. Bc4 d5 3. Bb3 dxe4 4. Qe2 Nf6 5. Nh3 b6 6. d3 exd3 7. Qf3 c6 8. cxd3
Be7 9. Bg5 Bb7 10. O-O O-O 11. Nc3 Nbd7 12. Rae1 Rb8 13. Ne4 c5 14. Bxf6 Nxf6
15. Nf4 Kh8 16. Qh3 Nxe4 17. dxe4 Bf6 18. e5 Be7 19. Bxe6 f6 20. exf6 Bxf6 21.
Bf5 h6 22. Ng6+ Kg8 23. Be6+ Kh7 24. Nxf8+ Qxf8 0-1

[Event "AUTO-ADV-2472"]
[Site "http://www.queenalice.com/game.php?id=1049361"]
[Date "2012.4.16"]
[Round "1"]
[White "flanny"]
[Black "ffceccon"]
[Result "1-0"]
[WhiteElo "1708"]
[BlackElo "1696"]

1. e4 e5 2. Qf3 Nf6 3. Bc4 Bc5 4. h3 Nc6 5. c3 d6 6. b4 Bb6 7. Qg3 O-O 8. Ne2
Nxe4 9. Qf3 Ng5 10. Qd3 e4 11. Qg3 Ne5 12. d3 exd3 13. Bxd3 Nxd3+ 14. Qxd3 Re8
15. O-O g6 16. c4 Qf6 17. Nbc3 Bf5 18. Qg3 Ne4 19. Qf3 Nxc3 20. Nxc3 Bd4 21. Bb2
Bd3 22. Rac1 Bxf1 23. Kxf1 c6 24. Ba3 Qxf3 25. gxf3 Bxc3 26. Rxc3 Re5 27. f4 Rf5
28. Bc1 Re8 29. Kg2 1-0

[Event "AUTO-ADV-2472"]
[Site "http://www.queenalice.com/game.php?id=1049362"]
[Date "2012.4.16"]
[Round "1"]
[White "ffceccon"]
[Black "flanny"]
[Result "0-1"]
[WhiteElo "1744"]
[BlackElo "1720"]

1. e4 e5 2. Bc4 c6 3. Nf3 Nf6 4. Nxe5 d5 5. exd5 cxd5 6. Bb5+ Nbd7 7. d4 a6 8.
Nxd7 Bxd7 9. Bxd7+ Qxd7 10. O-O Bd6 11. Re1+ Be7 12. Nc3 O-O 13. Qe2 Rae8 14.
Qf3 Bb4 15. Rxe8 Rxe8 16. Bg5 Ne4 17. Nxe4 Rxe4 18. c3 Bd6 19. Kf1 b5 20. Re1 h6
21. Be3 a5 22. Bd2 b4 23. cxb4 axb4 24. Rxe4 dxe4 25. Qxe4 Qa7 26. Qe8+ Kh7 27.
Qxf7 Qxf7 0-1

[Event "AUTO-OPEN-2660"]
[Site "http://www.queenalice.com/game.php?id=1049394"]
[Date "2012.4.16"]
[Round "1"]
[White "MariusLola"]
[Black "ffceccon"]
[Result "1-0"]
[WhiteElo "1847"]
[BlackElo "1635"]

1. e4 e5 2. Nf3 d6 3. h3 Nf6 4. Nc3 Be6 5. Bb5+ c6 6. Bd3 b5 7. O-O Be7 8. b4
Na6 9. a3 Nc7 10. Be2 O-O 11. d4 exd4 12. Nxd4 h6 13. Nxc6 Qd7 14. Nxe7+ Qxe7
15. f3 Nh7 16. Nxb5 Nxb5 17. Bxb5 Ng5 18. Bc6 f5 19. Bxa8 Rxa8 20. exf5 Bc4 21.
Re1 Qf6 22. Bxg5 hxg5 23. g4 Rc8 24. Re4 Kh7 25. Qd2 1-0

[Event "AUTO-OPEN-2660"]
[Site "http://www.queenalice.com/game.php?id=1049395"]
[Date "2012.4.16"]
[Round "1"]
[White "ffceccon"]
[Black "MariusLola"]
[Result "0-1"]
[WhiteElo "1643"]
[BlackElo "1839"]

1. e4 e5 2. Bc4 c6 3. d3 d5 4. exd5 cxd5 5. Bb3 Nf6 6. Bg5 Be7 7. Nf3 Bg4 8. h3
Bxf3 9. Qxf3 O-O 10. Bxf6 Bxf6 11. Bxd5 Qb6 12. O-O Qxb2 13. Bxb7 Qxa1 14. Bxa8
Qxa2 15. Nc3 Qxc2 16. Ne4 Nd7 17. Nxf6+ Nxf6 18. Be4 Nxe4 19. dxe4 a5 20. Rd1 a4
21. Rd3 Ra8 22. Ra3 f6 23. Rc3 Qb1+ 24. Kh2 Qb2 25. Ra3 Qc2 0-1

[Event "AUTO-OPEN-2660"]
[Site "http://www.queenalice.com/game.php?id=1049414"]
[Date "2012.4.16"]
[Round "1"]
[White "Clemente"]
[Black "ffceccon"]
[Result "1-0"]
[WhiteElo "1494"]
[BlackElo "1568"]

1. d4 d6 2. e4 e6 3. Nc3 Be7 4. d5 e5 5. Nh3 Bxh3 6. gxh3 c6 7. dxc6 Nxc6 8. Qf3
Nf6 9. Bc4 Na5 10. Bb5+ Nc6 11. a4 Rc8 12. a5 a6 13. Bc4 Nd4 14. Qd3 O-O 15. Nd5
Nxd5 16. exd5 Bg5 17. c3 Nb5 18. h4 Bxc1 19. Rxc1 f5 20. h5 Qc7 21. Rg1 Qxc4 22.
Qxc4 Rxc4 23. f3 e4 24. h6 g6 25. h4 Nc7 26. fxe4 1-0

[Event "AUTO-OPEN-2660"]
[Site "http://www.queenalice.com/game.php?id=1049415"]
[Date "2012.4.16"]
[Round "1"]
[White "ffceccon"]
[Black "Clemente"]
[Result "0-1"]
[WhiteElo "1589"]
[BlackElo "1473"]

1. e4 d5 2. e5 Nc6 3. d4 h5 4. Nf3 f6 5. exf6 exf6 6. Bd3 Nge7 7. Nh4 Nxd4 8.
Bg6+ Nxg6 9. Qxd4 Rh6 10. Bxh6 Qe7+ 11. Kd2 Nxh4 12. Re1 Be6 13. Qxh4 gxh6 14.
Qxh5+ Kd7 15. Nc3 Qd6 16. Rad1 Qf4+ 17. Re3 Bg4 18. Qf7+ Be7 19. Qxe7+ Kc6 20.
Nxd5 Kxd5 21. Qf7+ Kc6 22. Re1 Rd8+ 23. Kc1 b6 24. f3 Rd7 25. Qb3 Bf5 26. g3 Qg5
27. f4 Qg7 28. Qc4+ Kb7 0-1